Ćwiczenia z analizy i projektowania systemów informatycznych / (Rekord nr 56349)
| 000 -ETYKIETA REKORDU | |
|---|---|
| podpole kontrolne o stałej długości | 00751nam a2200241 i 4500 |
| 001 - NUMER KONTROLNY REKORDU | |
| pole kontrolne | bg |
| 020 ## - MIĘDZYNARODOWY ZNORMALIZOWANY NUMER KSIĄŻKI - ISBN | |
| ISBN | 837299367X |
| 040 ## - ŹRÓDŁO KATALOGOWANIA | |
| Instytucja, która utworzyła rekord | BPK |
| 041 ## - KOD JĘZYKA | |
| Kod języka tekstu | pol |
| 044 ## - KOD KRAJU WYDAWCY/PRODUCENTA | |
| Kod kraju wydawcy/producenta | POL |
| 080 ## - UNIWERSALNA KLASYFIKACJA DZIESIĘTNA - UKD | |
| UKD | 004.414.2(075.8)(076) |
| 920 ## - Międzynarodowy znormalizowany numer książki – ISBN | |
| ISBN | 83-7299-367-X |
| 008 - POLE O STAŁEJ DŁUGOŚCI - DANE KONTROLNE | |
| podpole kontrolne o stałej długości | 090626s2004 pl |000 p pol |
| 100 1# - NAZWA OSOBOWA | |
| Nazwa osobowa | Tańska, Halina. |
| 245 10 - TYTUŁ/ODPOWIEDZIALNOŚĆ | |
| Tytuł | Ćwiczenia z analizy i projektowania systemów informatycznych / |
| Pozostałe elementy strefy tytułu i oznaczenia odpowiedzialności | Halina Tańska, Hanna Pikus. |
| 260 ## - STREFA ADRESU WYDAWNICZEGO | |
| Miejsce wydania | Olsztyn : |
| Nazwa wydawcy/dystrybutora | Wydawnictwo Uniwersytetu Warmińsko-Mazurskiego, |
| Data publikacji, dystrybucji/powstania dokumentu | 2004. |
| 300 ## - STREFA OPISU FIZYCZNEGO | |
| Objętość | [1] k. tabl. złoż., 85, [10] s. : |
| Inne cechy fizyczne | il. ; |
| Rozmiary | 24 cm. |
| 504 ## - UWAGA DOTYCZĄCA BIBLIOGRAFII | |
| Informacje o bibliografii | Bibliogr. s. 85. |
| 650 #9 - HASŁO PRZEDMIOTOWE W FORMIE NAZWY OGÓLNEJ LUB JEDNOSTKOWEJ | |
| Nazwa ogólna lub geograficzna | Systemy informatyczne |
| 655 ## - TERMIN INDEKSOWY - OKREŚLENIE RODZAJU/FORMY DOKUMENTU | |
| Określenie rodzaju/formy dokumentu | Ćwiczenia i zadania dla szkół wyższych |
| 700 1# - HASŁO DODATKOWE - NAZWA OSOBOWA | |
| Nazwa osobowa | Pikus, Hanna. |
| 856 ## - LOKALIZACJA I DOSTĘP DO ELEKTRONICZNYCH DOKUMENTÓW ZDALNYCH | |
| Link (URL) | http://koha.tu.koszalin.pl/cgi-bin/koha/opac-detail.pl?biblionumber=56349 |
| Tekst linku | Katalog online BPK |
| 942 ## - DODATKOWE ELEMENTY (KOHA) | |
| Typ dokumentu | Książka |
| Wycofany | Status egzemplarza | Uszkodzony | Dostępność | Lokalizacja stała | Lokalizacja bieżąca | Miejsce przechowywania | Sygnatura | Kod kreskowy | Dział | Typ dokumentu |
|---|---|---|---|---|---|---|---|---|---|---|
| Tylko na miejscu | Czytelnia Wydziału Elektroniki i Informatyki, Wydziału Architektury i Wzornictwa, Wydziału Inżynierii Mechanicznej i Energetyki oraz Wydziału Inżynierii Lądowej, Środowiska i Geodezji | Czytelnia Wydziału Elektroniki i Informatyki, Wydziału Architektury i Wzornictwa, Wydziału Inżynierii Mechanicznej i Energetyki oraz Wydziału Inżynierii Lądowej, Środowiska i Geodezji | Czytelnia Wydziałowa ul. Śniadeckich 2 | 91044 | 02471976 | 004.4 Oprogramowanie | Książka |
